Storia della Repubblica italiana

সংরক্ষণ করুন:
গ্রন্থ-পঞ্জীর বিবরন
প্রধান লেখক: Bocca, Giorgio
বিন্যাস: গ্রন্থ
ভাষা:ইংরেজি
প্রকাশিত: Milano Rizzoli 1981
ট্যাগগুলো: ট্যাগ যুক্ত করুন
কোনো ট্যাগ নেই, প্রথমজন হিসাবে ট্যাগ করুন!

MARC

LEADER 00000nam a2200000 4500
005 20241106183421.0
008 241106b |||||||| |||| 00| 0 eng d
040 |c GP 
100 |a Bocca, Giorgio 
245 |a Storia della Repubblica italiana 
260 |a Milano  |b Rizzoli  |c 1981 
942 |2 ddc  |n 0  |c BK 
952 |0 0  |1 0  |2 ddc  |4 0  |6 945_000000000000000_BOC  |7 1  |9 2170  |a RM  |b RM  |d 2024-11-06  |l 0  |o 945 BOC  |p 306  |r 2024-11-06 18:34:55  |w 2024-11-06  |y BK 
999 |c 1909  |d 1909